| 000 | 01087cam a22003135a 4500 | ||
|---|---|---|---|
| 001 | 016199694 | ||
| 003 | EG-ScBUE | ||
| 005 | 20220605104532.0 | ||
| 008 | 121023s2013 enka f 000 0 eng d | ||
| 020 | _a9781447906636 | ||
| 040 |
_aStDuBDS _beng _erda _cStDuBDS _dEG-ScBUE |
||
| 082 | 0 | 4 |
_a428.240712 _222 _bCUT |
| 245 | 0 | 0 |
_aCutting edge, _pPre-intermediate, _pWorkbook / _c[Workbook notes] by Sarah Cunningham Peter Moor and Anthony Cosgrove. |
| 246 | 3 | 0 | _aPre-intermediate |
| 246 | 3 | 0 | _aWorkbook |
| 250 | _aThird edition. | ||
| 264 | 1 |
_aHarlow, England : _bPearson Education Limited, _c2013. |
|
| 300 |
_a93 pages ; _billustrations ; _e30 cm |
||
| 336 |
_2rdacontent _atext _btxt |
||
| 337 |
_2rdamedia _aunmediated _bn |
||
| 338 |
_2rdacarrier _avolume _bnc |
||
| 650 | 7 |
_aEnglish language _xStudy and teaching (Secondary) _xForeign speakers. _2BUEsh _97782 |
|
| 651 | _2BUEsh | ||
| 653 |
_cAugust 2016 _bNNUR |
||
| 655 |
_vText book _933728 |
||
| 700 | 1 |
_aMoor, Sarah Cunningham Peter, _econtributor. |
|
| 700 | 1 |
_aCosgrove, Anthony, _econtributor. _941952 |
|
| 942 |
_2ddc _cTXT |
||
| 999 |
_c22210 _d22182 |
||